Eta hamoi aru ajan manuh (Record no. 3290)

MARC details
000 -LEADER
fixed length control field 00515cam a2200193ua 4500
001 - CONTROL NUMBER
control field 3449
005 - DATE AND TIME OF LATEST TRANSACTION
control field 20260515113659.0
008 - FIXED-LENGTH DATA ELEMENTS--GENERAL INFORMATION
fixed length control field 111111n ii |||gr||||Z||||||asm
040 ## - CATALOGING SOURCE
Transcribing agency MAIN
082 ## - DEWEY DECIMAL CLASSIFICATION NUMBER
Classification number 920
100 1# - MAIN ENTRY--PERSONAL NAME
Personal name Konwar, Bhim Kanta,
Relator term Edited.,
245 11 - TITLE STATEMENT
Title Eta hamoi aru ajan manuh
Statement of responsibility, etc. ed. by Bhim Kanta Konwar
250 ## - EDITION STATEMENT
Edition statement 1st.
260 ## - PUBLICATION, DISTRIBUTION, ETC.
Place of publication, distribution, etc. Dibrugarh:
Name of publisher, distributor, etc. Banalata,
Date of publication, distribution, etc. 2000.
Place of publication, distribution, etc. Guwahati:
300 ## - PHYSICAL DESCRIPTION
Extent 161p:
Other physical details ill;
Dimensions 23cm.
653 ## - INDEX TERM--UNCONTROLLED
Uncontrolled term Biography
653 ## - INDEX TERM--UNCONTROLLED
Uncontrolled term Biography of Eta hamoi aru ajan manuh
942 ## - ADDED ENTRY ELEMENTS (KOHA)
Koha item type Books
Holdings
Withdrawn status Lost status Damaged status Not for loan Home library Current library Shelving location Date acquired Total checkouts Full call number Barcode Date last seen Copy number Price effective from Koha item type
        Naharkatiya College Library Naharkatiya College Library General stacks 09/19/2020   920 | ETA 10483 09/19/2020 1 09/19/2020 Books